Statistics for Biggest English counties by area

Click here to take the quiz!

General Stats

  • This quiz has been taken 70 times
  • The average score is 8 of 10

Answer Stats

RankAnswer% Correct
5Norfolk
93%
4Devon
89%
10Kent
88%
6Northumberland
88%
1North Yorkshire
88%
3Cumbria
86%
2Lincolnshire
84%
8Suffolk
81%
9Hampshire
58%
7Somerset
56%

Score Distribution

Percentile by Number Answered

Percent of People with Each Score

Your Score History

You have not taken this quiz